| 000 | 01291nam0a22003011 4500 | ||
|---|---|---|---|
| 001 | rc\3799996 | ||
| 005 | 20260405163908.0 | ||
| 021 |
_aRU _bП199-75 |
||
| 035 | _a(NLR Aleph) 007246482 | ||
| 090 |
_a5159321 _c5159321 |
||
| 100 | _a20120311d1975 |||y0rusy50 ca | ||
| 101 | 0 | _arus | |
| 102 | _aRU | ||
| 105 | _ay z ||||| | ||
| 200 | 1 | _aИнструментальный нейтронно-активационный анализ геологических и биологических объектов с использованием ЭВМ | |
| 210 |
_aДубна _cБ. и. _d1975 |
||
| 215 |
_a7 с. _cграф. _d21 |
||
| 225 | 1 |
_aОбъединенный институт ядерных исследований. [Издания] _v14-8562 |
|
| 300 | _aПеред загл. авт.: В.Б. Злоказов, Л.П. Кулькина, О.Д. Маслов | ||
| 320 | _aБиблиогр.: с. 7 | ||
| 700 | 1 |
_aЗлоказов _bВ.Б. _gВиктор Борисович |
|
| 701 | 1 |
_aКулькина _bЛ.П. |
|
| 701 | 1 |
_8rus _7ca _aМаслов _bО. Д. _cканд. хим. наук, радиохимия _gОлег Дмитриевич _3RU\NLR\AUTH\7769970 _952898 |
|
| 801 | 0 |
_aRU _bNLR _gpsbo |
|
| 801 | 1 |
_aRU _bELAR _2rusmarc |
|
| 852 |
_aNLR _jП11/2061 |
||
| 942 | _cBOOK | ||
| 980 | _aNB | ||